Skeletal function and form : Mechanobiology of skeletal development, aging, and regeneration

Stating their objective as the presentation of "a consistent approach for understanding the role of mechanical factors in skeletal development, growth, maintenance, functional adaptation, and aging," Carter (mechanical engineering, Stanford U.) and Beaupr (Palo Alto VA Rehabilitation Resea...

Cijeli opis

Spremljeno u:
Bibliografski detalji
Glavni autor: Carter, Dennis R.
Format: Knjiga
Jezik:Undetermined
Izdano: Cambridge Cambridge University Press 2001
Teme:
Oznake: Dodaj oznaku
Bez oznaka, Budi prvi tko označuje ovaj zapis!
Thư viện lưu trữ: Trung tâm Học liệu Trường Đại học Cần Thơ
LEADER 01356nam a2200229Ia 4500
001 CTU_166536
008 210402s9999 xx 000 0 und d
020 |c 91.69 
082 |a 612.75 
082 |b C323 
100 |a Carter, Dennis R. 
245 0 |a Skeletal function and form : 
245 0 |b Mechanobiology of skeletal development, aging, and regeneration 
245 0 |c Dennis R. Carter, Gary S. Beaupré 
260 |a Cambridge 
260 |b Cambridge University Press 
260 |c 2001 
520 |a Stating their objective as the presentation of "a consistent approach for understanding the role of mechanical factors in skeletal development, growth, maintenance, functional adaptation, and aging," Carter (mechanical engineering, Stanford U.) and Beaupr (Palo Alto VA Rehabilitation Research and Development Center) discuss musculoskeletal form and function within a framework that follows the chronological stages of skeletal ontogeny from the initial formation of joints and bone in the fetus through the life cycle. Much of the engineering analysis behind the development of their theory has been removed from the main body of the text. 
650 |a Xương,Bone,Biomechanics,Bone regeneration 
650 |x Sự phát triển,Growth 
904 |i Bích Trâm, Giang 
980 |a Trung tâm Học liệu Trường Đại học Cần Thơ